| 000 | 00381nam a2200169Ia 4500 | ||
|---|---|---|---|
| 008 | 220531s9999 xx 000 0 und d | ||
| 041 | _aeng | ||
| 082 | _bGRE | ||
| 100 |
_aGreen, Graham _935962 |
||
| 245 | _aBrigton Rock | ||
| 260 |
_bpengain _c1996 |
||
| 300 | _a249 | ||
| 542 | _d12-10-1997 | ||
| 650 |
_aEnglish _935963 |
||
| 906 |
_d1997-1998 _f5551 |
||
| 999 |
_c22005 _d22005 |
||